| 000 | 00646nam a2200193Ia 4500 | ||
|---|---|---|---|
| 003 | GCL | ||
| 008 | 140319s9999 xx 000 0 ara d | ||
| 040 |
_aGCL / _cGCL |
||
| 082 | 0 | 4 |
_a813.01 _bم م |
| 100 | 1 | _aمحمود كامل | |
| 245 | 1 | 0 |
_aمؤلفات محمود كامل / _cمحمود كامل |
| 260 |
_a[S.N] : _bالهيئة المصرية العامة للكتاب ، _c1975 |
||
| 490 |
_aمؤلفات محمود كامل 4,3,2,1 _v0 |
||
| 650 | 0 | 4 | _aالادب العربى |
| 650 | 0 | 4 | _aالقصص العربية |
| 650 | 0 | 4 | _aالقصص القصيرة |
| 650 | 0 | 4 | _aالقصص العربية القصيرة |
| 942 |
_2ddc _cBK |
||
| 999 |
_c29076 _d29076 |
||